Scope business book : (Record no. 24344)

MARC details
000 -LEADER
fixed length control field 00566nam a22001817a 4500
041 ## - LANGUAGE CODE
Language code of text/sound track or separate title English
082 ## - DEWEY DECIMAL CLASSIFICATION NUMBER
Classification number 658
Item number JAG
100 ## - MAIN ENTRY--AUTHOR NAME
Author name Jaggi, S.P.S.
245 ## - TITLE STATEMENT
Title Scope business book :
Sub Title a treasure trove of information to help managers accelerate their learning curve /
Statement of responsibility, etc S.P.S. Jaggi, Jacob Kurian and V. Kumar.
260 ## - PUBLICATION, DISTRIBUTION, ETC. (IMPRINT)
Place of publication New Delhi :
Name of publisher SCOPE ,
Year of publication 2014.
300 ## - PHYSICAL DESCRIPTION
Number of Pages ix, 188 pages ;
Dimensions 18 cm.
650 ## - SUBJECT ADDED ENTRY--TOPICAL TERM
Subject Business management.
650 ## - SUBJECT ADDED ENTRY--TOPICAL TERM
Subject Managerial effectiveness.
700 ## - ADDED ENTRY--PERSONAL NAME
Author 2/ Editor Kurian, Jacob
700 ## - ADDED ENTRY--PERSONAL NAME
Author 2/ Editor Kumar, V.
942 ## - ADDED ENTRY ELEMENTS (KOHA)
Source of classification or shelving scheme Dewey Decimal Classification
Koha item type Books
Holdings
Withdrawn status Lost status Source of classification or shelving scheme Damaged status Not for loan Home library Current library Shelving location Date acquired Source of acquisition Full call number Accession Number Price effective from Koha item type
    Dewey Decimal Classification     Institute of Public Enterprise, Library Institute of Public Enterprise, Library S Campus 05/04/2026 Gifted by Prof. S. Sathish Kumar (IPE Faculty ) 658 JAG 51041 05/04/2026 Books

Maintained and Designed by
2cqr automation private limited, Chennai. All Rights Reserved.

You are Visitor Number

PHP Hits Count